[Event "EU-ch Rapid"]
[Site "Katowice"]
[Date "2021.12.18"]
[Round "1"]
[White "Herwy, Jakub"]
[Black "Schneider, Ilja"]
[Result "1/2-1/2"]
[WhiteElo "1951"]
[BlackElo "2479"]
[PlyCount "167"]
[EventDate "2021.12.18"]
[EventType "swiss (rapid)"]
[EventRounds "11"]
[EventCountry "POL"]
[SourceTitle "CBM 205 Extra"]
[Source "ChessBase"]
[SourceDate "2022.01.31"]
[SourceVersion "1"]
[SourceVersionDate "2022.01.31"]
[SourceQuality "1"]

1. e4 c6 2. Nc3 d5 3. Nf3 dxe4 4. Nxe4 Nf6 5. Nxf6+ exf6 6. d4 Bd6 7. c3 0-0 8. Be2 Qc7 9. 0-0 Be6 10. Qc2 Nd7 11. Be3 Rfe8 12. Bd3 g6 13. h4 c5 14. h5 c4 15. Be2 Nb6 16. Nd2 Bh2+ 17. Kh1 Bf4 18. Ne4 Nd5 19. Bxf4 Qxf4 20. Bxc4 Nxc3 21. Qxc3 Qxe4 22. Bxe6 Rxe6 23. hxg6 hxg6 24. Rae1 Qh4+ 25. Kg1 Rc6 26. Qb3 Rb6 27. Qc3 Kg7 28. Re3 Rd8 29. Rd1 Rh8 30. Rh3 Qg4 31. Rdd3 Rxh3 32. Rxh3 Rc6 33. Qd2 g5 34. d5 Rd6 35. Qd3 f5 36. Qc3+ Rf6 37. Rd3 Qa4 38. d6 Qd7 39. Qe5 Kg6 40. Rd5 g4 41. b3 a6 42. a4 Kg7 43. Qd4 Kg6 44. Qd3 Kg7 45. Qd4 Kg6 46. Qe5 Kg7 47. b4 Kg6 48. b5 axb5 49. axb5 Kg7 50. Qd4 Kg6 51. g3 Re6 52. Qc3 Rxd6 53. Rxd6+ Qxd6 54. Qc8 Qd1+ 55. Kh2 Qd4 56. Qxb7 Qxf2+ 57. Qg2 Qd4 58. Qe2 Kh5 59. Qc2 Kg5 60. Qe2 Qc5 61. Qd2+ Kg6 62. Qb2 Qb6 63. Qe2 Kf6 64. Kg2 Qb7+ 65. Kh2 Qb6 66. Kg2 Qd4 67. Kh2 Kg5 68. Qe7+ Kg6 69. Qe2 Kh5 70. Qc2 Kg6 71. Qe2 Kf6 72. Qc2 f4 73. gxf4 Qxf4+ 74. Kg2 Qf3+ 75. Kg1 Qg3+ 76. Kh1 Qh3+ 77. Kg1 Qe3+ 78. Kh1 Kg5 79. Qb2 Qe1+ 80. Kg2 Qe4+ 81. Kg1 f5 82. b6 Qe1+ 83. Kg2 f4 84. Qg7+ 1/2-1/2

[Event "Jastrzebie Zdroj op 4th"]
[Site "Jastrzebie Zdroj"]
[Date "2021.11.13"]
[Round "9"]
[White "Herwy, Jakub"]
[Black "Drabiniok, Kazimierz"]
[Result "1-0"]
[WhiteElo "1866"]
[BlackElo "1856"]
[PlyCount "93"]
[EventDate "2021.11.07"]
[EventType "swiss"]
[EventRounds "9"]
[EventCountry "POL"]
[SourceTitle "CBM 205 Extra"]
[Source "ChessBase"]
[SourceDate "2022.01.31"]
[SourceVersion "1"]
[SourceVersionDate "2022.01.31"]
[SourceQuality "1"]

1. e4 d5 2. exd5 Qxd5 3. Nc3 Qa5 4. d4 c6 5. Bc4 Nf6 6. Bd2 Qc7 7. Nf3 Bg4 8. h3 Bxf3 9. Qxf3 e6 10. 0-0-0 Nbd7 11. g4 Bb4 12. Kb1 Bxc3 13. Bxc3 Nb6 14. Bd3 Qd6 15. g5 Nfd5 16. Bd2 Nb4 17. Be4 N4d5 18. b3 Qa3 19. Bc1 Qb4 20. Bb2 Qe7 21. c4 Nc7 22. d5 cxd5 23. cxd5 exd5 24. Bxd5 Nbxd5 25. Rhe1 Ne6 26. Rxd5 0-0 27. Qc3 Rfe8 28. h4 Rac8 29. Qe3 Qc7 30. a3 b6 31. Re5 Qd6 32. f4 Red8 33. f5 Nc5 34. Ka2 Kf8 35. f6 g6 36. Re7 Ne6 37. h5 Rc2 38. hxg6 hxg6 39. Re2 Rxe2 40. Qxe2 Rd7 41. Rxe6 fxe6 42. Qe4 Kf7 43. Qh4 Qf8 44. Qh7+ Ke8 45. Qxg6+ Kd8 46. Qe4 Kc7 47. Be5+ 1-0

[Event "Jastrzebie Zdroj op 4th"]
[Site "Jastrzebie Zdroj"]
[Date "2021.11.10"]
[Round "5"]
[White "Niedbala, Bartlomiej"]
[Black "Herwy, Jakub"]
[Result "1-0"]
[WhiteElo "2382"]
[BlackElo "1866"]
[PlyCount "65"]
[EventDate "2021.11.07"]
[EventType "swiss"]
[EventRounds "9"]
[EventCountry "POL"]
[SourceTitle "CBM 205 Extra"]
[Source "ChessBase"]
[SourceDate "2022.01.31"]
[SourceVersion "1"]
[SourceVersionDate "2022.01.31"]
[SourceQuality "1"]

1. e4 c5 2. Nf3 e6 3. d4 cxd4 4. Nxd4 a6 5. Bd3 Bc5 6. Nb3 Be7 7. Qg4 g6 8. Qe2 Qc7 9. Nc3 d6 10. Bd2 Nc6 11. f4 Nf6 12. 0-0-0 b5 13. g4 b4 14. Na4 e5 15. f5 Bd7 16. Be3 Nd4 17. Nxd4 Bxa4 18. Nb3 gxf5 19. exf5 Bxb3 20. axb3 Qa5 21. Kb1 e4 22. Bxe4 Nxe4 23. Bd4 d5 24. Bxh8 f6 25. g5 0-0-0 26. Bxf6 Bxf6 27. gxf6 Qb6 28. Rxd5 Rxd5 29. Qxe4 Qc5 30. Re1 Rxf5 31. Qe8+ Kc7 32. Re7+ Kb6 33. Qd8+ 1-0

[Event "POL-chT U20"]
[Site "Lublin"]
[Date "2021.07.04"]
[Round "9.4"]
[White "Wydmanski, Szymon"]
[Black "Herwy, Jakub"]
[Result "1-0"]
[WhiteElo "1697"]
[BlackElo "1907"]
[PlyCount "55"]
[EventDate "2021.06.26"]
[EventType "team-tourn"]
[EventRounds "9"]
[EventCountry "POL"]
[SourceTitle "CBM 203 Extra"]
[Source "ChessBase"]
[SourceDate "2021.09.30"]
[SourceVersion "1"]
[SourceVersionDate "2021.09.30"]
[SourceQuality "1"]
[WhiteTeam "Krakow KKSz"]
[BlackTeam "Jastrzebie Zdroj Pionier"]
[WhiteTeamCountry "POL"]
[BlackTeamCountry "POL"]

1. c4 e5 2. g3 Nc6 3. Bg2 g6 4. Nc3 Bg7 5. d3 d6 6. e3 Be6 7. Nge2 Qd7 8. Nd5 Nd8 9. 0-0 c6 10. Ndc3 f5 11. b4 h5 12. f4 Nf7 13. b5 Ne7 14. Rb1 h4 15. bxc6 bxc6 16. Qa4 hxg3 17. hxg3 0-0 18. Qa6 Rab8 19. Ba3 Qc7 20. d4 exd4 21. Nxd4 Bxd4 22. exd4 c5 23. dxc5 Rxb1 24. Rxb1 Bc8 25. cxd6 Qd7 26. dxe7 Qd4+ 27. Kh2 Re8 28. Qxg6+ 1-0

[Event "POL-chT U20"]
[Site "Lublin"]
[Date "2021.07.02"]
[Round "7.4"]
[White "Herwy, Jakub"]
[Black "Karwot, Marek"]
[Result "1-0"]
[WhiteElo "1907"]
[BlackElo "1395"]
[PlyCount "91"]
[EventDate "2021.06.26"]
[EventType "team-tourn"]
[EventRounds "9"]
[EventCountry "POL"]
[SourceTitle "CBM 203 Extra"]
[Source "ChessBase"]
[SourceDate "2021.09.30"]
[SourceVersion "1"]
[SourceVersionDate "2021.09.30"]
[SourceQuality "1"]
[WhiteTeam "Jastrzebie Zdroj Pionier"]
[BlackTeam "Rydultowy Ognisko"]
[WhiteTeamCountry "POL"]
[BlackTeamCountry "POL"]

1. e4 d5 2. exd5 Nf6 3. d4 Bg4 4. Nf3 Qxd5 5. Be2 Nc6 6. c4 Qf5 7. Be3 0-0-0 8. 0-0 e5 9. d5 e4 10. Nd4 Nxd4 11. Bxd4 Bxe2 12. Qxe2 c5 13. Bxf6 gxf6 14. Nc3 Re8 15. Rfe1 Rg8 16. Nxe4 Kb8 17. Ng3 Rxe2 18. Nxf5 Rxb2 19. Rab1 Rxb1 20. Rxb1 Rg5 21. Ne3 Bd6 22. Rb3 Kc7 23. g3 b6 24. Kg2 Rh5 25. f4 f5 26. h4 Kd7 27. Kf3 Be7 28. Ra3 a5 29. Rb3 Bd8 30. a4 Kd6 31. Ng2 Rh6 32. Re3 Kd7 33. Re5 Rf6 34. Ne3 Bc7 35. Rxf5 Rxf5 36. Nxf5 Bd8 37. g4 Ke8 38. g5 Kf8 39. Ke4 f6 40. Ng3 fxg5 41. hxg5 Kf7 42. Kf5 b5 43. cxb5 c4 44. Ne4 Bc7 45. d6 Bd8 46. Ke5 1-0

[Event "POL-chT U20"]
[Site "Lublin"]
[Date "2021.06.28"]
[Round "3.4"]
[White "Herwy, Jakub"]
[Black "Grot, Blazej"]
[Result "1/2-1/2"]
[WhiteElo "1907"]
[BlackElo "1728"]
[PlyCount "90"]
[EventDate "2021.06.26"]
[EventType "team-tourn"]
[EventRounds "9"]
[EventCountry "POL"]
[SourceTitle "CBM 203 Extra"]
[Source "ChessBase"]
[SourceDate "2021.09.30"]
[SourceVersion "1"]
[SourceVersionDate "2021.09.30"]
[SourceQuality "1"]
[WhiteTeam "Jastrzebie Zdroj Pionier"]
[BlackTeam "Wroclaw Polonia"]
[WhiteTeamCountry "POL"]
[BlackTeamCountry "POL"]

1. e4 c5 2. d3 Nc6 3. f4 e6 4. Nf3 Nge7 5. Be2 g6 6. 0-0 Bg7 7. c3 d5 8. Na3 0-0 9. e5 h5 10. Nc2 Nf5 11. d4 cxd4 12. Ncxd4 Qb6 13. Kh1 Ncxd4 14. Nxd4 Nxd4 15. Qxd4 Qc7 16. Bd3 Bd7 17. Bd2 Rfd8 18. Rae1 b6 19. b4 Bc6 20. Rf3 Rac8 21. Rg3 Qd7 22. Qf2 Re8 23. Be3 Bb5 24. Bd4 Bxd3 25. Rxd3 Qb5 26. Rf3 Rc4 27. h3 a5 28. a3 Rec8 29. g4 hxg4 30. hxg4 Qa4 31. f5 Qxa3 32. f6 Bf8 33. bxa5 bxa5 34. Qd2 Rxd4 35. Qxd4 Rc4 36. Qe3 Rxg4 37. Rh3 Re4 38. Qf2 Qa4 39. Rb1 Rxe5 40. Rb8 Qe4+ 41. Kh2 Rh5 42. Rxh5 gxh5 43. Qg3+ Kh7 44. Rxf8 Qe2+ 45. Kh3 Qf1+ 1/2-1/2

[Event "Katowice POL-HUN rapid 8th"]
[Site "Katowice"]
[Date "2020.09.13"]
[Round "6.9"]
[White "Sadzikowski, Daniel"]
[Black "Herwy, Jakub"]
[Result "1-0"]
[WhiteElo "2527"]
[BlackElo "1754"]
[PlyCount "75"]
[EventDate "2020.09.13"]
[EventType "swiss (rapid)"]
[EventRounds "9"]
[EventCountry "POL"]
[SourceTitle "CBM 198 Extra"]
[Source "ChessBase"]
[SourceDate "2020.11.30"]
[SourceVersion "1"]
[SourceVersionDate "2020.11.30"]
[SourceQuality "1"]

1. c4 e5 2. g3 Nc6 3. Bg2 g6 4. Nc3 Bg7 5. Rb1 d6 6. b4 f5 7. b5 Nd4 8. e3 Ne6 9. Nge2 Nf6 10. d4 e4 11. a4 0-0 12. 0-0 h5 13. a5 a6 14. b6 c6 15. d5 cxd5 16. Nxd5 Nc5 17. Nef4 Kh7 18. Ba3 Qd7 19. Bxc5 dxc5 20. Nc7 Rb8 21. Nfe6 Qxe6 22. Nxe6 Bxe6 23. Qc2 Nd7 24. f3 exf3 25. Bxf3 Ne5 26. Bd5 Bxd5 27. cxd5 Rbc8 28. e4 fxe4 29. Qxe4 Rfe8 30. d6 Rc6 31. Rbd1 Rd8 32. Rd5 Ng4 33. Rxh5+ Nh6 34. Rd5 c4 35. d7 c3 36. Qe8 Rxe8 37. dxe8Q c2 38. Qxc6 1-0

[Event "Katowice POL-HUN blitz 8th"]
[Site "Katowice"]
[Date "2020.09.12"]
[Round "2.7"]
[White "Herwy, Jakub"]
[Black "Golubka, Petr"]
[Result "0-1"]
[WhiteElo "1754"]
[BlackElo "2488"]
[PlyCount "140"]
[EventDate "2020.09.12"]
[EventType "swiss (blitz)"]
[EventRounds "13"]
[EventCountry "POL"]
[SourceTitle "CBM 198 Extra"]
[Source "ChessBase"]
[SourceDate "2020.11.30"]
[SourceVersion "1"]
[SourceVersionDate "2020.11.30"]
[SourceQuality "1"]

1. e4 c5 2. d3 Nc6 3. Be2 g6 4. f4 Bg7 5. Nf3 d6 6. 0-0 f5 7. c3 Nh6 8. Na3 0-0 9. Be3 Ng4 10. Bd2 e5 11. h3 Nf6 12. fxe5 dxe5 13. exf5 gxf5 14. Be3 b6 15. Nc4 Nd5 16. Bg5 Qe8 17. Qb3 Be6 18. Rae1 h6 19. Bc1 Qe7 20. Qb5 Qc7 21. Bd1 Rfe8 22. Ba4 Nde7 23. d4 cxd4 24. cxd4 e4 25. Nce5 Bd5 26. Nxc6 Qxc6 27. Qxc6 Bxc6 28. Bb3+ Bd5 29. Ne5 Bxb3 30. axb3 Rad8 31. Be3 Kh7 32. Rc1 Nd5 33. Bf4 Rc8 34. Rxc8 Rxc8 35. g3 Rc2 36. Rf2 Rxf2 37. Kxf2 Bxe5 38. Bxe5 h5 39. Ke2 Kg6 40. h4 Kf7 41. Kd2 a5 42. Ke2 Ke8 43. Kd2 Kd7 44. Ke2 Kc6 45. Kd2 Kb5 46. Kc2 a4 47. bxa4+ Kxa4 48. b3+ Ka3 49. Bd6+ Ka2 50. b4 b5 51. Bc5 e3 52. Bd6 Ka3 53. Kd3 Kb3 54. Bf4 Kxb4 55. Bxe3 Nxe3 56. Kxe3 Kc4 57. Kf4 Kxd4 58. Kxf5 b4 59. Kg5 b3 60. Kxh5 b2 61. Kg6 b1Q+ 62. Kf6 Qb6+ 63. Kg7 Qc7+ 64. Kh6 Qxg3 65. h5 Ke5 66. Kh7 Kf6 67. h6 Kf7 68. Kh8 Qe5+ 69. Kh7 Qg5 70. Kh8 Qxh6# 0-1